000 00968nam a2200217Ii 4500
003 JO-AjNU
008 230605s9999||||xx |||||||||||||| ||und||
017 _a2012/4/149
040 _aJO-AjNU
_bara
_erda
_cJO-AjNU
041 _aara
050 1 4 _aKMM48.5.F35.S8782.2012
100 3 _a الصقور، صالح خليل ,
_eauthor
_950279
245 0 0 _aدور التشريعات والمنظمات الاجتماعية الحكومية والتطوعية في الحد من ظاهرة التفكك الاسري ورعاية ضحاياها
250 _a(د،ط)
264 3 1 _aعمان : دار آمنة للنشر ، 2012
300 _a121ص
336 _atext
_btxt
_2rdacontent
337 _aunmediated
_bn
_2rdamedia
338 _avolume
_bnc
_2rdacarrier
650 4 _aدور التشريعات والمنظمات الاجتماعية الحكومية والتطوعية في الحد من ظاهرة التفكك الأسري ورعاية ضحاياه
_950280
999 _aA22138
_c25706
_d25706